Percy Jackson. Moře nestvůr /
Další kniha fantasy série o chlapci Percym, který je synem jednoho z řeckých bohů.
Uloženo v:
| Série: | Percy Jackson,
část 2 |
|---|---|
| Hlavní autor: | |
| Další autoři: | |
| Médium: | E-kniha |
| Jazyk: | Czech |
| Vydáno: |
Praha :
Fragment,
2023
|
| Vydání: | 2. vydání |
| Témata: | |
| Příbuzné jednotky: | Z cyklu::
Percy Jackson |
| Tagy: |
Žádné tagy |
| LEADER | 02804nam a2200553 i 4500 | ||
|---|---|---|---|
| 001 | 312024 | ||
| 003 | CZ PrSKC | ||
| 005 | 20260601215715.0 | ||
| 007 | ta | ||
| 008 | 230808s2023 xr d 000 f cze | ||
| 015 | |a cnb003536197 | ||
| 020 | |a 9788025363430 |q (vázáno) | ||
| 035 | |a (OCoLC)1396730226 | ||
| 040 | |a ABG001 |b cze |d ABA001 |e rda | ||
| 041 | 1 | |a cze |h eng | |
| 072 | 7 | |a 821.111(73)-3 |x Americká próza |2 Konspekt | |
| 072 | 7 | |a 821-93 |x Literatura pro děti a mládež (beletrie) |2 Konspekt | |
| 080 | |a 821.111(73)-31 |2 MRF | ||
| 080 | |a 821-93 |2 MRF | ||
| 080 | |a (0:82-312.9) |2 MRF | ||
| 100 | 1 | |a Riordan, Rick, |d 1964- |7 xx0103318 |4 aut | |
| 240 | 1 | 0 | |a Sea of monsters. |l Česky |
| 245 | 1 | 0 | |a Percy Jackson. |p Moře nestvůr / |c napsal Rick Riordan ; z anglického originálu Percy Jackson 2 - The sea of monsters přeložila Dana Chodilová |
| 246 | 3 | 0 | |a Moře nestvůr |
| 250 | |a 2. vydání | ||
| 264 | 1 | |a Praha : |b Fragment, |c 2023 | |
| 300 | |a 293 stran ; |c 22 cm | ||
| 336 | |a text |b txt |2 rdacontent | ||
| 337 | |a bez média |b n |2 rdamedia | ||
| 338 | |a svazek |b nc |2 rdacarrier | ||
| 500 | |a Údaj o vydání je chybný, správně má být: 4. vydání | ||
| 520 | 2 | |a Další kniha fantasy série o chlapci Percym, který je synem jednoho z řeckých bohů. |b Uplynul celý dlouhý školní rok a se začátkem prázdnin Percy opět odjíždí do Tábora polokrevných. Místo, které má být pro všechny polobožské bytosti nejbezpečnějším útočištěm na světě, však ztrácí své ochranné kouzlo a tábor stojí téměř před zánikem. Percy a jeho přátelé se musí pokusit nebezpečí odvrátit, tentokrát bude ale jejich výprava daleko nebezpečnější než minule. Dokonce hrozí, že se z ní někteří nemusí vůbec vrátit. | |
| 521 | 8 | |a Pro čtenáře od 11 let | |
| 546 | |a Český text | ||
| 655 | 7 | |a americké romány |7 fd131796 |2 czenas | |
| 655 | 7 | |a fantasy romány |7 fd184199 |2 czenas | |
| 655 | 7 | |a publikace pro mládež |7 fd133157 |2 czenas | |
| 655 | 9 | |a American fiction |2 eczenas | |
| 655 | 9 | |a fantasy novels |2 eczenas | |
| 655 | 9 | |a juvenile literature |2 eczenas | |
| 700 | 1 | |a Chodilová, Dana, |d 1964- |7 xx0017374 |4 trl | |
| 765 | 1 | |t Percy Jackson | |
| 787 | 0 | 8 | |i Z cyklu: |t Percy Jackson |g 2 |
| 900 | |a ABA001 |b 20 | ||
| 928 | 9 | |a Albatros Media - Fragment | |
| 044 | |a xr | ||
| 910 | |a RBIT002 | ||
| 998 | |d 381627 |a https://core.palmknihy.cz/api/books/381627/cover?si5bbt |b https://core.palmknihy.cz/api/books/381627/cover/400?si5bbt |c https://core.palmknihy.cz/api/books/381627/cover/50?si5bbt |e 2027-01-20 |g 296 |i 9788025363430 |j https://core.palmknihy.cz/api/books/381627/preview.epub |k https://core.palmknihy.cz/api/books/381627/preview.pdf |l |q 49 |r 1 |s https://www.palmknihy.cz/kniha/381627 |t ebook |y 2023 |z 0 |v Percy Jackson |w 2 | ||
| 999 | |d 312022 | ||